|
|
|
|
| LEADER |
01469cas a2200253 a 4500 |
| 001 |
AALejournalIMF021713 |
| 008 |
230101c9999 xx r poo 0 0eng d |
| 020 |
|
|
|c 5.00 USD
|
| 020 |
|
|
|z 9781513575834
|
| 022 |
|
|
|a 1934-7685
|
| 040 |
|
|
|a BD-DhAAL
|c BD-DhAAL
|
| 110 |
2 |
|
|a International Monetary Fund.
|b Monetary and Capital Markets Department.
|
| 245 |
1 |
0 |
|a Somalia :
|b Technical Assistance Report-Bank Supervision and Regulation.
|
| 264 |
|
1 |
|a Washington, D.C. :
|b International Monetary Fund,
|c 2021.
|
| 300 |
|
|
|a 1 online resource (27 pages)
|
| 490 |
1 |
|
|a IMF Staff Country Reports
|
| 500 |
|
|
|a <strong>Off-Campus Access:</strong> No User ID or Password Required
|
| 500 |
|
|
|a <strong>On-Campus Access:</strong> No User ID or Password Required
|
| 506 |
|
|
|a Electronic access restricted to authorized BRAC University faculty, staff and students
|
| 520 |
3 |
|
|a The purpose of the missions of Phase I was to develop a functional central bank, including establishing a modern banking supervisory regime. Especially, MCM provided TA missions under the Phase I that have focused on operationalizing banking license capacity, development of on and offsite supervisory capability, and other relevant areas.
|
| 538 |
|
|
|a Mode of access: Internet
|
| 651 |
|
7 |
|a Somalia
|2 imf
|
| 830 |
|
0 |
|a IMF Staff Country Reports; Country Report ;
|v No. 2021/068
|
| 856 |
4 |
0 |
|z Full text available on IMF
|u http://elibrary.imf.org/view/journals/002/2021/068/002.2021.issue-068-en.xml
|z IMF e-Library
|